000 00301nam a22001217a 4500
040 _cSK
082 _a639
100 _aម៉ែន សុខា
245 _aចំណីស់សំរប់វារីវប្បកម្ម
260 _aRUA
_bម៉ែន
_c2012
300 _a44p.
942 _cKB
999 _c9891
_d9891